Normal view
MARC view
- Egipto
Entry Nombre Geográfico
001 - NÚMERO DE CONTROL
- campo de control: 13688
003 - IDENTIFICADOR DE NUMERO DE CONTROL
- campo de control: MX-MxUPN
005 - FECHA Y HORA DE LA ÜLTIMA TRANSACCIÓN
- campo de control: 20241010140240.0
008 - DATOS DE LONGITUD FIJA
- campo de control de longitud fija: 241010n||acnnnbabn n ana |d
035 ## - NÚMERO DE CONTROL
- Número de control: UPN10000013696
040 ## - FUENTE DE CATALOGACIÓN
- Lenguaje de catalogación: spa
- Agencia de transcripción: MX-MxUPN
- Agencia de catalogación original: MX-MxUPN
151 ## - ENCABEZAMIENTO - NOMBRE GEOGRÁFICO
- Nombre geográfico: Egipto
- Subdivisión general : Civilización
- Subdivisión cronológica : Hasta 332 a.C.
- Subdivisión de forma: Novela
670 ## - FUENTE EN LA QUE SE LOCALIZARON DATOS
- Cita de la fuente: Autoridades LC, 10 octubre 2024
- Información localizada: (Egipt - Civilization - To 332 B. C. - Fiction)
902 ## - CATALOGADOR
- Catalogador: MCM/301009
- Catalogador: MaríaRobles/101024
